<?xml version="1.0" encoding="UTF-8"?>
<record
    xmlns:xsi="http://www.w3.org/2001/XMLSchema-instance"
    xsi:schemaLocation="http://www.loc.gov/MARC21/slim http://www.loc.gov/standards/marcxml/schema/MARC21slim.xsd"
    xmlns="http://www.loc.gov/MARC21/slim">

  <leader>00968nam a2200193   4500</leader>
  <datafield tag="952" ind1=" " ind2=" ">
    <subfield code="0">0</subfield>
    <subfield code="1">0</subfield>
    <subfield code="4">0</subfield>
    <subfield code="7">0</subfield>
    <subfield code="a">01</subfield>
    <subfield code="b">01</subfield>
    <subfield code="d">2020-03-20</subfield>
    <subfield code="l">0</subfield>
    <subfield code="o">337.142 U35</subfield>
    <subfield code="p">01 015283</subfield>
    <subfield code="r">2020-03-20</subfield>
    <subfield code="t">1</subfield>
    <subfield code="w">2020-03-20</subfield>
    <subfield code="y">LB</subfield>
  </datafield>
  <datafield tag="999" ind1=" " ind2=" ">
    <subfield code="c">104923</subfield>
    <subfield code="d">104923</subfield>
  </datafield>
  <controlfield tag="008">200320s2003    mx ||||| |||| 00| 0 spa d</controlfield>
  <datafield tag="245" ind1=" " ind2=" ">
    <subfield code="a">La Uni&#xF3;n Europea</subfield>
    <subfield code="b">, su evoluci&#xF3;n y relaciones con Am&#xE9;rica Latina y el mundo 2002-2003</subfield>
    <subfield code="c">/ Stephan Sberro y Jordi Bacaria coordinadores</subfield>
  </datafield>
  <datafield tag="260" ind1=" " ind2=" ">
    <subfield code="a">M&#xE9;xico</subfield>
    <subfield code="b">: Instituto Tecnol&#xF3;gico Aut&#xF3;nomo de M&#xE9;xico</subfield>
    <subfield code="b">Miguel &#xC1;ngel Porr&#xFA;a</subfield>
    <subfield code="c">, 2003</subfield>
  </datafield>
  <datafield tag="300" ind1=" " ind2=" ">
    <subfield code="a">334 p&#xE1;ginas</subfield>
    <subfield code="b">: tablas</subfield>
  </datafield>
  <datafield tag="500" ind1=" " ind2=" ">
    <subfield code="a">Donativo: Miguel &#xC1;ngel Porr&#xFA;a</subfield>
  </datafield>
  <datafield tag="504" ind1=" " ind2=" ">
    <subfield code="a">Bibliograf&#xED;a en cada cap&#xED;tulo</subfield>
  </datafield>
  <datafield tag="505" ind1=" " ind2=" ">
    <subfield code="a">- La evoluci&#xF3;n de la Uni&#xF3;n Europea
- La Uni&#xF3;n Europea y Am&#xE9;rica Latina
- De 15 a 25 miembros
- La Uni&#xF3;n Europea, actor internacional</subfield>
  </datafield>
  <datafield tag="519" ind1=" " ind2=" ">
    <subfield code="a">Material Complementario /</subfield>
    <subfield code="d">(01 015083)</subfield>
  </datafield>
  <datafield tag="650" ind1="1" ind2="4">
    <subfield code="a">UNI&#xD3;N EUROPEA</subfield>
    <subfield code="x">ASPECTOS ECON&#xD3;MICOS</subfield>
    <subfield code="z">AM&#xC9;RICA LATINA</subfield>
  </datafield>
  <datafield tag="650" ind1="2" ind2="4">
    <subfield code="a">RELACIONES INTERNACIONALES</subfield>
    <subfield code="x">UNI&#xD3;N EUROPEA</subfield>
    <subfield code="z">AM&#xC9;RICA LATINA</subfield>
  </datafield>
  <datafield tag="700" ind1=" " ind2=" ">
    <subfield code="a">Sberro, Stephan</subfield>
    <subfield code="e">coordinador</subfield>
  </datafield>
  <datafield tag="700" ind1=" " ind2=" ">
    <subfield code="a">Bacaria, Jordi</subfield>
    <subfield code="e">coordinador</subfield>
  </datafield>
  <datafield tag="942" ind1=" " ind2=" ">
    <subfield code="c">LB</subfield>
    <subfield code="2">lcc</subfield>
  </datafield>
</record>
